Снижение риска и минимизация последствий наводнения в Дальневосточном федеральном округе; Экология и безопасность в техносфере: современные проблемы и пути решения

Chi tiết về thư mục
Parent link:Экология и безопасность в техносфере: современные проблемы и пути решения.— 2014.— [С.340-343]
Tác giả chính: Пеньков А. И. Александр Иванович
Tác giả của công ty: Национальный исследовательский Томский политехнический университет (ТПУ) Юргинский технологический институт (филиал) (ЮТИ) Кафедра безопасности жизнедеятельности, экологии и физического воспитания (БЖДЭФВ)
Tác giả khác: Горлов Д. С.
Tóm tắt:Заглавие с титульного экрана
Ngôn ngữ:Tiếng Nga
Được phát hành: 2014
Loạt:Современные технологии ликвидации ЧС и техническое обеспечение аварийно- спасательных работ
Những chủ đề:
Truy cập trực tuyến:http://earchive.tpu.ru/handle/11683/18570
http://www.lib.tpu.ru/fulltext/c/2014/C52/112.pdf
Định dạng: Điện tử Chương của sách
KOHA link:https://koha.lib.tpu.ru/cgi-bin/koha/opac-detail.pl?biblionumber=610355

MARC

LEADER 00000naa2a2200000 4500
001 610355
005 20260402160405.0
035 |a (RuTPU)RU\TPU\conf\7961 
035 |a RU\TPU\conf\7958 
090 |a 610355 
100 |a 20150120d2014 k y0rusy50 ca 
101 0 |a rus 
102 |a RU 
135 |a drcn ---uucaa 
181 0 |a i  
182 0 |a b 
200 1 |a Снижение риска и минимизация последствий наводнения в Дальневосточном федеральном округе  |f А. И. Пеньков, Д. С. Горлов 
203 |a Текст  |c электронный 
225 1 |a Современные технологии ликвидации ЧС и техническое обеспечение аварийно- спасательных работ 
300 |a Заглавие с титульного экрана 
320 |a [Библиогр.: с. 343 (7 назв.)] 
337 |a Adobe Reader 
463 0 |0 (RuTPU)RU\TPU\conf\7739  |t Экология и безопасность в техносфере: современные проблемы и пути решения  |o сборник трудов Всероссийской научно-практической конференции молодых ученых, аспирантов и студентов, г. Юрга, 27-28 ноября 2014 г.  |f Национальный исследовательский Томский политехнический университет (ТПУ), Юргинский технологический институт (ЮТИ) ; под ред. В. М. Гришагин [и др.]  |v [С.340-343]  |d 2014 
610 1 |a труды учёных ТПУ 
610 1 |a электронный ресурс 
610 1 |a снижение рисков 
610 1 |a последствия 
610 1 |a наводнения 
610 1 |a Дальневосточный федеральный округ 
610 1 |a катастрофы 
700 1 |a Пеньков  |b А. И.  |c специалист в области экологии и безопасности жизнедеятельности  |c старший преподаватель Юргинского технологического института (филиал) Томского политехнического университета  |f 1963-  |g Александр Иванович  |3 (RuTPU)RU\TPU\pers\32063 
701 1 |a Горлов  |b Д. С. 
712 0 2 |a Национальный исследовательский Томский политехнический университет (ТПУ)  |b Юргинский технологический институт (филиал) (ЮТИ)  |b Кафедра безопасности жизнедеятельности, экологии и физического воспитания (БЖДЭФВ)  |3 (RuTPU)RU\TPU\col\18930 
801 2 |a RU  |b 63413507  |c 20220407  |g RCR 
856 4 |u http://earchive.tpu.ru/handle/11683/18570 
856 4 |u http://www.lib.tpu.ru/fulltext/c/2014/C52/112.pdf 
942 |c BK